000
00259nam a22001217a 4500
008
180227b xxu||||| |||| 00| 0 eng d
041
_a
eng
080
_a
574
100
_a
11
101
_a
BIO
245
_a
BIOLOGY OF PLANTS
_c
PETER.H.R
942
_2
udc
_c
BK
999
_c
43659
_d
43659